Diccionario militar (Record no. 22887)

MARC details
000 -LEADER
campo de control de longitud fija 00615nam a2200181 i 4500
001 - NÚMERO DE CONTROL
campo de control 22887
003 - IDENTIFICADOR DE NÚMERO DE CONTROL
campo de control ES-MaACL
005 - FECHA Y HORA DE LA ÚLTIMA TRANSACCIÓN
campo de control 20230906152756.0
007 - CAMPO FIJO DE DESCRIPCIÓN FÍSICA--INFORMACIÓN GENERAL
campo de control de longitud fija t|
008 - DATOS DE LONGITUD FIJA--INFORMACIÓN GENERAL
campo de control de longitud fija 021205s1863 sp d |||| | spa d
080 ## - NÚMERO DE LA CLASIFICACIÓN DECIMAL UNIVERSAL
Número de la Clasificación Decimal Universal 355(038)
100 1# - ENTRADA PRINCIPAL--NOMBRE DE PERSONA
Nombre de persona Almirante, José.
9 (RLIN) 20154
245 10 - MENCIÓN DEL TÍTULO
Título Diccionario militar
Resto del título : etimológico, histórico, tecnológico : con dos vocabularios, francés y alemán /
Mención de responsabilidad, etc. por José Almirante.
260 ## - PUBLICACIÓN, DISTRIBUCIÓN, ETC.
Lugar de publicación, distribución, etc. Madrid :
Nombre del editor, distribuidor, etc. [s.n.,
Fecha de publicación, distribución, etc. 1863] (
Fabricante Imp. Depósito de la Guerra)
300 ## - DESCRIPCIÓN FÍSICA
Extensión XIV, 1218 p. ;
Dimensiones 27 cm.
650 #4 - PUNTO DE ACCESO ADICIONAL DE MATERIA--TÉRMINO DE MATERIA
Término de materia o nombre geográfico como elemento de entrada Arte y ciencia militar-
Subdivisión de forma Diccionarios.
9 (RLIN) 155031
852 ## - LOCALIZACIÓN
Ubicación ES-MaACL
Número de control de estantería G-12269
Holdings
Estatus retirado Estado de pérdida Estado de daño No para préstamo Colección Biblioteca de origen Biblioteca actual Ubicación en estantería Fecha de adquisición Fuente de adquisición Total de préstamos Signatura topográfica completa Código de barras Visto por última vez Precio de reemplazo Tipo de ítem Koha
        Colección de referencia Biblioteca del Ateneo de Madrid Biblioteca del Ateneo de Madrid Sala Pecera Planta 3 17/01/2008     G-12269 1023572 23/02/2023 23/02/2023 Libro impreso antiguo